| 000 | 00761nam a22002177a 4500 | ||
|---|---|---|---|
| 999 |
_c20566 _d20566 |
||
| 005 | 20191107113324.0 | ||
| 008 | 191107b xxu||||| |||| 00| 0 spa d | ||
| 040 |
_aCO-BoIAVH _cCO-BoIAVH |
||
| 041 | _aspa | ||
| 044 | _ack | ||
| 082 |
_a333.9116 _bId23r |
||
| 110 | _aIDEAM | ||
| 245 | _aReporte de avance del estudio nacional del agua. | ||
| 260 |
_aBogotá: _bInstituto de Hidrológica, Meteorología y Estudios Ambientales, _c2018. |
||
| 300 |
_a54 Páginas: _btablas, gráficos, fotografías y mapas _c28 x 22 cm |
||
| 650 | 0 |
_aInvestigación ambiental _z Colombia. |
|
| 650 | 0 | _aCalidad de Agua | |
| 650 | 0 | _asistemas hídricos superficiales | |
| 650 | 0 | _asistemas hídricos subterráneos | |
| 942 |
_2ddc _cLIBRO |
||